000 00526nam a2200193 a 4500
001 1761117815031
003 YourLibrary
005 20251022125506.0
008 251022s2018##################000#0#eng##
020 _a9780428331009
082 0 4 _a597.0926
_bKLU
100 1 _aKlunzinger, Karl Benjamin,
_eauthor.
245 1 0 _aSynopsis der Fische des Rothen Meeres, Vol. 1 :
260 _bForgotten Books,
_c2018.
300 _a434 pages
650 0 _aScience.
942 _cENGLISH
040 _aYourLibrary
_beng
_cYourLibrary
999 _c592571
_d592571